| 000 | 01138cam a22002055a 4500 | ||
|---|---|---|---|
| 001 | L150292 | ||
| 008 | 100623e2010 xxk 000 0 eng d | ||
| 035 | _a(Sirsi) u150292 | ||
| 041 | 0 | _aeng | |
| 100 | 1 | _aThomas, Daniel | |
| 245 | 0 | 0 | _aMidsummer sadness |
| 260 | _c2010 | ||
| 490 | 0 |
_aProperty Week _v76(24)18 June 2010, 32-35(4) |
|
| 520 | _aColliers International's 2010 Midsummer Retail Report is the most positive since the property crash but has concerns about future growth in many areas of the market. The owners of the strongest retail outlets particularly in Central London have had a good recession and are recovering very well but weaker market areas are hindered by a glut of unwanted secondhand space. Only 25% of the 420 monitored centres showed a fall in prime rents between June 2009 and June 2010. Colliers are broadly optimistic about the next few years projecting 10.8% total returns to the retail sector in 2010. | ||
| 590 | _aKA | ||
| 651 | 4 |
_aUnited Kingdom _y |
|
| 690 | _aPROPERTY-COMMERCIAL PROPERTY-COMMERCIAL PROPERTY MARKET | ||
| 690 | _aPROPERTY-COMMERCIAL PROPERTY-RETAIL PROPERTY | ||
| 942 | _n0 | ||
| 999 |
_c82442 _d82442 |
||